|
|
|
|
| LEADER |
00000nkm0a2200000 4500 |
| 001 |
147269 |
| 005 |
20241028144433.0 |
| 035 |
|
|
|a (RuTPU)RU\TPU\book\159619
|
| 035 |
|
|
|a RU\TPU\book\159617
|
| 090 |
|
|
|a 147269
|
| 100 |
|
|
|a 20081112d1963 k y0rusy50 ca
|
| 101 |
0 |
|
|a rus
|
| 102 |
|
|
|a RU
|
| 105 |
|
|
|a a m 000yy
|
| 181 |
|
0 |
|a b
|a i
|b bae
|
| 182 |
|
0 |
|a n
|
| 183 |
|
0 |
|a nc
|2 RDAcarrier
|
| 200 |
1 |
|
|a Исследование основных горнопроходческих процессов при проведении капитальных горизонтальных горных выработок в Кузбассе
|e диссертация на соискание ученой степени кандидата технических наук (альбом иллюстраций)
|f В. Г. Лукьянов
|g науч. рук. С. Н. Леонтьев ; Томский политехнический институт
|
| 203 |
|
|
|a Изображение
|a Текст
|b визуальный
|c непосредственный
|
| 210 |
|
1 |
|a Томск
|d 1963
|
| 215 |
|
|
|a 62 л.
|c ил.
|
| 283 |
|
|
|a volume
|2 RDAcarrier
|
| 317 |
|
|
|5 63413507: КР-7848
|a Поступил в НТБ в 2023 г. в составе книжного собрания профессора В. Г. Лукьянова
|
| 422 |
|
1 |
|0 147267
|9 147267
|a Лукьянов, В. Г. (горный инженер ; 1930-)
|c Томск
|d 1963
|o диссертация на соискание ученой степени кандидата технических наук
|p 264 л.
|t Исследование основных горнопроходческих процессов при проведении капитальных горизонтальных горных выработок в Кузбассе
|
| 606 |
1 |
|
|a Горные выработки, капитальные
|9 35333
|
| 610 |
1 |
|
|a диссертации
|
| 610 |
1 |
|
|a горнопроходческие работы
|
| 610 |
1 |
|
|a процессы
|
| 610 |
1 |
|
|a горные выработки
|
| 610 |
1 |
|
|a горизонтальные выработки
|
| 610 |
1 |
|
|a Кузбасс
|
| 610 |
1 |
|
|a приложение
|
| 610 |
1 |
|
|a альбомы
|
| 610 |
1 |
|
|a иллюстрации
|
| 610 |
1 |
|
|a труды учёных ТПУ
|
| 610 |
1 |
|
|a Библиотека В. Г. Лукьянова
|
| 675 |
|
|
|a 622.268(04)
|v 4
|
| 700 |
|
1 |
|a Лукьянов
|b В. Г.
|c горный инженер
|c профессор Томского политехнического университета, доктор технических наук
|f 1930-
|g Виктор Григорьевич
|9 3695
|
| 702 |
|
1 |
|a Леонтьев
|b С. Н.
|c российский ученый, горный инженер
|c профессор Томского политехнического института
|f 1891-1966
|g Сергей Николаевич
|4 727
|9 4401
|
| 712 |
0 |
2 |
|a Томский политехнический институт
|c (1944-1991)
|4 570
|9 23521
|
| 801 |
|
1 |
|a RU
|b 63413507
|c 20081112
|g PSBO
|
| 801 |
|
2 |
|a RU
|b 63413507
|c 20150328
|g PSBO
|
| 942 |
|
|
|c BK
|